00598 2200193 4500001002100000005001500021035002000036245014900056100001800205250001000223300002400233006001800257008003900275260004600314082000700360084001300367600001000380990001400390INLIS00000000001004520260603025206 a0010-06260000061 aIMPLEMENTASI FUNGSI LEGISLASI DEWAN PERWAKILAN RAKYAT DAERAH DALAM PEMBENTUKAN PERATURAN DAERAH INISIATIF DI KABUPATEN LAMANDAU /cFANNY PRATIWI0 aFANNY PRATIWI aCet 1 av, 102 hlm :bilus.a 260603 | | |  aPalangka Raya :bPerpustakaan UMPR,c2025 a81 a81 FAN i 4aTESIS a238122137